<?xml version="1.0" encoding="UTF-8"?>
<record
    xmlns:xsi="http://www.w3.org/2001/XMLSchema-instance"
    xsi:schemaLocation="http://www.loc.gov/MARC21/slim http://www.loc.gov/standards/marcxml/schema/MARC21slim.xsd"
    xmlns="http://www.loc.gov/MARC21/slim">

  <leader>02145nam a22002057a 4500</leader>
  <datafield tag="999" ind1=" " ind2=" ">
    <subfield code="c">357920</subfield>
    <subfield code="d">357920</subfield>
  </datafield>
  <controlfield tag="003">IT-MiCISF</controlfield>
  <controlfield tag="005">20180704111326.0</controlfield>
  <controlfield tag="008">180704b           ||||| |||| 00| 0 eng d</controlfield>
  <datafield tag="040" ind1=" " ind2=" ">
    <subfield code="c">IT-MiCISF</subfield>
  </datafield>
  <datafield tag="041" ind1=" " ind2=" ">
    <subfield code="a">it</subfield>
  </datafield>
  <datafield tag="100" ind1=" " ind2=" ">
    <subfield code="a">Pellai Alberto, Tamborini Barbara</subfield>
    <subfield code="9">57277</subfield>
  </datafield>
  <datafield tag="245" ind1=" " ind2=" ">
    <subfield code="a">Il metodo famiglia felice</subfield>
    <subfield code="b">Come allenare i figli alla vita</subfield>
  </datafield>
  <datafield tag="260" ind1=" " ind2=" ">
    <subfield code="a">Milano</subfield>
    <subfield code="b">De Agostini</subfield>
    <subfield code="c">2018</subfield>
  </datafield>
  <datafield tag="300" ind1=" " ind2=" ">
    <subfield code="a">pp. 250</subfield>
  </datafield>
  <datafield tag="500" ind1=" " ind2=" ">
    <subfield code="a">famiglia, rapporti-genitori-figli, educazione, genitorialit&#xE0;</subfield>
  </datafield>
  <datafield tag="520" ind1=" " ind2=" ">
    <subfield code="a">Non &#xE8; vero che tutte le famiglie felici si assomigliano. La felicit&#xE0; di una famiglia non &#xE8; la totale assenza di problemi, non &#xE8; un&#x2019;unit&#xE0; di misura e nemmeno una foto incorniciata in bella mostra sopra uno scaffale del salotto. La felicit&#xE0; &#x2013; in quel turbolento e sempre diverso ecosistema che si crea ovunque ci sia un rapporto tra genitori e figli &#x2013; &#xE8; piuttosto qualcosa che ha a che fare con la consapevolezza e l&#x2019;autostima. Nelle parole di Alberto Pellai e Barbara Tamborini: &#xAB;una famiglia consapevole ha un progetto e una direzione, non improvvisa le scelte educative e sa sfruttare i momenti chiave della vita&#xBB;. La pi&#xF9; autorevole coppia italiana di psicoterapeuti torna con un libro unico nel suo genere, scritto nella chiave totalmente inedita del gioco e nel linguaggio semplice e comunicativo che ne ha gi&#xE0; reso celebri gli autori, per insegnarci come il livello di autostima famigliare pu&#xF2; condizionare l&#x2019;insieme di abitudini, linguaggi e automatismi che regolano la vita quotidiana tra le mura di casa. Un manuale per potenziare l&#x2019;autostima di tutti &#x2013; dei grandi cos&#xEC; come dei piccoli &#x2013; attraverso un metodo fondato sui sei pilastri che reggono un nucleo domestico: la famiglia, gli amici, il corpo, le emozioni, la scuola e il lavoro, l&#x2019;ambiente. Un viaggio da percorrere insieme, giorno dopo giorno, attraverso quiz, test, sfide creative e racconti esemplari per consentire a ciascuno di prendere coscienza dei propri pregi e dei propri difetti e sviluppare le competenze che possono fare di una famiglia una famiglia felice.</subfield>
  </datafield>
  <datafield tag="650" ind1=" " ind2=" ">
    <subfield code="a">famiglia</subfield>
    <subfield code="9">56036</subfield>
  </datafield>
  <datafield tag="654" ind1=" " ind2=" ">
    <subfield code="a">saggio</subfield>
  </datafield>
  <datafield tag="942" ind1=" " ind2=" ">
    <subfield code="2">ddc</subfield>
    <subfield code="c">BK</subfield>
  </datafield>
  <datafield tag="952" ind1=" " ind2=" ">
    <subfield code="0">0</subfield>
    <subfield code="1">0</subfield>
    <subfield code="2">ddc</subfield>
    <subfield code="4">0</subfield>
    <subfield code="6">B_7461_000000000000000</subfield>
    <subfield code="7">1</subfield>
    <subfield code="a">CISF</subfield>
    <subfield code="b">CISF</subfield>
    <subfield code="d">2018-07-04</subfield>
    <subfield code="l">0</subfield>
    <subfield code="o">b7461</subfield>
    <subfield code="p">9788851153434</subfield>
    <subfield code="r">2018-07-04 00:00:00</subfield>
    <subfield code="w">2018-07-04</subfield>
    <subfield code="y">BK</subfield>
  </datafield>
</record>
